Statistics for Actors with the Same Last Names

Click here to take the quiz!

General Stats

  • This quiz has been taken 115 times
  • The average score is 16 of 20

Answer Stats

HintAnswer% Correct
Denzel | KerryWashington
97%
Demi | JulianMoore
96%
Audrey | KatharineHepburn
95%
Don | DwayneJohnson
93%
Kirk | MichaelDouglas
91%
Viola | BetteDavis
88%
Dustin | PhilipHoffman
84%
Julia | EmmaRoberts
82%
Jane | HenryFonda
82%
Tina | LanaTurner
82%
Grace | GeneKelly
79%
Vivien | JanetLeigh
78%
Michael | DianeKeaton
76%
Robin | CindyWilliams
75%
Cindy | JoanCrawford
75%
Jennifer | KateHudson
75%
Mario | JenniferLopez
70%
Martin | JenniferLawrence
62%
Patrick | JamesStewart
54%
Gary | ChrisCooper
42%

Score Distribution

Percentile by Number Answered

Percent of People with Each Score

Your Score History

You have not taken this quiz